| 000 | 00437nam a2200145 i 4500 | ||
|---|---|---|---|
| 001 | 101461 | ||
| 003 | ES-MaACL | ||
| 007 | t| | ||
| 008 | 051019s1953 pe ||||1| spa d | ||
| 100 | 1 |
_aMedina Pinón, Hermán. _979751 |
|
| 245 | 1 | 3 |
_aLa voz de las horas otoñales / _cHermán Medina Pinón. |
| 260 |
_aIquitos (Perú) : _bEl Oriente, _c1953. |
||
| 300 |
_a1 lám. ret. aut., 182 p. ; _c22 cm. |
||
| 852 |
_aES-MaACL _jC-8365 _bR.35997 |
||
| 999 |
_c101461 _d101461 |
||